00721nam a22001937a 4500999001900000005001700019010001500036020002600051035001400077037000900091082000800100100001500108245007400123260004400197270011300241300002000354942002200374952013100396 c186837d18683720220321124211.0 aENG-132036 a9789385471551c130.00 aEN-115568 bDBAD a485 aRaju, C.S. aEnrich Your English:bA Practical Guide To Enrich English/cC.S. Raju aChennaibUnique Media Integratorsc2014 aNo. 8, 6th Cross, 8th Main Road, Vaishanavi Nagar, ThirmullaivoyalbChennaie600109mumi.infobooks@gmail.com a160pc21cm(pbk) 2ddccENh485mRAJ 001040708NFICaLbLd2022-03-21eDBAD/PUBg130.00l5m1o485 RAJpEN-115568r2023-01-28 00:00:00s2023-01-11t1v130.00yEN